Diccionario ideológico de la lengua española
Guardat en:
| Autor principal: | |
|---|---|
| Format: | Llibre |
| Idioma: | espanyol |
| Publicat: |
Barcelona
Gustavo Gili
1957
|
| Matèries: | |
| Etiquetes: |
Afegir etiqueta
Sense etiquetes, Sigues el primer a etiquetar aquest registre!
|
MARC
| LEADER | 00000nam a2200000 a 4500 | ||
|---|---|---|---|
| 001 | UCT3401 | ||
| 003 | CL-VaPUC | ||
| 008 | 961024e19570000SP |||||||||||||||||spa|d | ||
| 082 | 0 | 4 | |a 463 |b CAS |2 21 |
| 100 | 0 | |a Casares, Julio |e author |9 372331 | |
| 245 | 1 | 0 | |a Diccionario ideológico de la lengua española |
| 300 | |a 1124 p | ||
| 942 | |c BK | ||
| 945 | |d 19961024 00:00:00 |a cmena | ||
| 260 | |a Barcelona |b Gustavo Gili |c 1957 | ||
| 650 | 0 | |a Diccionarios |9 256200 | |
| 650 | 0 | |a Español |9 255372 | |
| 650 | 0 | |a Sinónimos |9 342614 | |
| 650 | 0 | |a Glosarios |9 261047 | |
| 583 | |a last modification |c 19961024 00:00:00 |k Rodrigo Vera | ||
| 999 | |c 253066 |d 253064 | ||
| 952 | |0 0 |1 0 |4 0 |6 463_000000000000000_CAS_1957 |7 0 |8 X |9 273512 |a BIBCUR |b BIBCUR |d 2019-11-19 |i 1774689 |o 463 CAS 1957 |p 1774689 |r 2025-04-22 |w 2019-11-19 |y BK_X |k BCB | ||